<?xml version="1.0" encoding="UTF-8"?>
<record
    xmlns:xsi="http://www.w3.org/2001/XMLSchema-instance"
    xsi:schemaLocation="http://www.loc.gov/MARC21/slim http://www.loc.gov/standards/marcxml/schema/MARC21slim.xsd"
    xmlns="http://www.loc.gov/MARC21/slim">

  <leader>03484    a2200337   4500</leader>
  <controlfield tag="003">NALT</controlfield>
  <controlfield tag="005">20260105145025.0</controlfield>
  <controlfield tag="008">250612b        th ||||| |||| 00| 0 tha d</controlfield>
  <datafield tag="020" ind1=" " ind2=" ">
    <subfield code="a">9786168282410</subfield>
  </datafield>
  <datafield tag="040" ind1=" " ind2=" ">
    <subfield code="a">NALT</subfield>
  </datafield>
  <datafield tag="041" ind1="1" ind2=" ">
    <subfield code="a">tha</subfield>
    <subfield code="h">eng</subfield>
  </datafield>
  <datafield tag="050" ind1=" " ind2=" ">
    <subfield code="a">QA 76.9.D3</subfield>
    <subfield code="b">&#xE23;499&#xE2B; 2567</subfield>
  </datafield>
  <datafield tag="100" ind1="1" ind2=" ">
    <subfield code="a">&#xE23;&#xE35;&#xE2A;, &#xE42;&#xE08;.  </subfield>
    <subfield code="9">66046</subfield>
  </datafield>
  <datafield tag="245" ind1="1" ind2="0">
    <subfield code="a">&#xE2B;&#xE25;&#xE31;&#xE01;&#xE01;&#xE32;&#xE23;&#xE41;&#xE25;&#xE30;&#xE41;&#xE19;&#xE27;&#xE17;&#xE32;&#xE07;&#xE1B;&#xE0F;&#xE34;&#xE1A;&#xE31;&#xE15;&#xE34;&#xE43;&#xE19;&#xE01;&#xE32;&#xE23;&#xE1E;&#xE31;&#xE12;&#xE19;&#xE32;&#xE23;&#xE30;&#xE1A;&#xE1A;&#xE02;&#xE49;&#xE2D;&#xE21;&#xE39;&#xE25;&#xE17;&#xE35;&#xE48;&#xE21;&#xE35;&#xE1B;&#xE23;&#xE30;&#xE2A;&#xE34;&#xE17;&#xE18;&#xE34;&#xE20;&#xE32;&#xE1E; = </subfield>
    <subfield code="b">Fundamentals of data engineering / </subfield>
    <subfield code="c">&#xE40;&#xE02;&#xE35;&#xE22;&#xE19;, Joe Reis &amp; Matt Housley ; &#xE41;&#xE1B;&#xE25;/&#xE40;&#xE23;&#xE35;&#xE22;&#xE1A;&#xE40;&#xE23;&#xE35;&#xE22;&#xE07;, &#xE27;&#xE23;&#xE32;&#xE20;&#xE23;&#xE13;&#xE4C; &#xE1E;&#xE23;&#xE2B;&#xE21;&#xE27;&#xE34;&#xE2D;&#xE34;&#xE19;&#xE17;&#xE23;&#xE4C;.</subfield>
  </datafield>
  <datafield tag="250" ind1=" " ind2=" ">
    <subfield code="a">&#xE1E;&#xE34;&#xE21;&#xE1E;&#xE4C;&#xE04;&#xE23;&#xE31;&#xE49;&#xE07;&#xE17;&#xE35;&#xE48; 1.</subfield>
  </datafield>
  <datafield tag="260" ind1=" " ind2=" ">
    <subfield code="a">&#xE19;&#xE19;&#xE17;&#xE1A;&#xE38;&#xE23;&#xE35; :</subfield>
    <subfield code="b">&#xE04;&#xE2D;&#xE23;&#xE4C;&#xE1F;&#xE31;&#xE07;&#xE01;&#xE4C;&#xE0A;&#xE31;&#xE48;&#xE19;,</subfield>
    <subfield code="c">2567.</subfield>
  </datafield>
  <datafield tag="300" ind1=" " ind2=" ">
    <subfield code="a">391 &#xE2B;&#xE19;&#xE49;&#xE32; :</subfield>
    <subfield code="b">&#xE20;&#xE32;&#xE1E;&#xE1B;&#xE23;&#xE30;&#xE01;&#xE2D;&#xE1A; ;</subfield>
    <subfield code="c">24 &#xE0B;&#xE21;.</subfield>
  </datafield>
  <datafield tag="505" ind1="2" ind2=" ">
    <subfield code="a">&#xE2A;&#xE48;&#xE27;&#xE19;&#xE17;&#xE35;&#xE48; 1 &#xE23;&#xE32;&#xE01;&#xE10;&#xE32;&#xE19;&#xE41;&#xE25;&#xE30;&#xE1A;&#xE25;&#xE47;&#xE2D;&#xE01;&#xE42;&#xE04;&#xE23;&#xE07;&#xE2A;&#xE23;&#xE49;&#xE32;&#xE07; --
&#xE1A;&#xE17;&#xE17;&#xE35;&#xE48; 1 Data Engineering &#xE04;&#xE37;&#xE2D;&#xE2D;&#xE30;&#xE44;&#xE23;? --
&#xE1A;&#xE17;&#xE17;&#xE35;&#xE48; 2 &#xE27;&#xE07;&#xE08;&#xE23;&#xE0A;&#xE35;&#xE27;&#xE34;&#xE15;&#xE02;&#xE2D;&#xE07;&#xE27;&#xE34;&#xE28;&#xE27;&#xE01;&#xE23;&#xE23;&#xE21;&#xE02;&#xE49;&#xE2D;&#xE21;&#xE39;&#xE25; --
&#xE1A;&#xE17;&#xE17;&#xE35;&#xE48; 3 &#xE01;&#xE32;&#xE23;&#xE2D;&#xE2D;&#xE01;&#xE41;&#xE1A;&#xE1A;&#xE2A;&#xE16;&#xE32;&#xE1B;&#xE31;&#xE15;&#xE22;&#xE01;&#xE23;&#xE23;&#xE21;&#xE02;&#xE49;&#xE2D;&#xE21;&#xE39;&#xE25;&#xE17;&#xE35;&#xE48;&#xE14;&#xE35; --
&#xE1A;&#xE17;&#xE17;&#xE35;&#xE48; 4 &#xE01;&#xE32;&#xE23;&#xE40;&#xE25;&#xE37;&#xE2D;&#xE01;&#xE40;&#xE17;&#xE04;&#xE42;&#xE19;&#xE42;&#xE25;&#xE22;&#xE35;&#xE43;&#xE19;&#xE27;&#xE07;&#xE08;&#xE23;&#xE0A;&#xE35;&#xE27;&#xE34;&#xE15;&#xE27;&#xE34;&#xE28;&#xE27;&#xE01;&#xE23;&#xE23;&#xE21;&#xE02;&#xE49;&#xE2D;&#xE21;&#xE39;&#xE25; --
&#xE2A;&#xE48;&#xE27;&#xE19;&#xE17;&#xE35;&#xE48; 2 &#xE40;&#xE08;&#xE32;&#xE30;&#xE25;&#xE36;&#xE01;&#xE27;&#xE07;&#xE08;&#xE23;&#xE0A;&#xE35;&#xE27;&#xE34;&#xE15;&#xE27;&#xE34;&#xE28;&#xE27;&#xE01;&#xE23;&#xE23;&#xE21;&#xE02;&#xE49;&#xE2D;&#xE21;&#xE39;&#xE25; --
&#xE1A;&#xE17;&#xE17;&#xE35;&#xE48; 5 &#xE01;&#xE32;&#xE23;&#xE2A;&#xE23;&#xE49;&#xE32;&#xE07;&#xE02;&#xE49;&#xE2D;&#xE21;&#xE39;&#xE25;&#xE17;&#xE35;&#xE48;&#xE23;&#xE30;&#xE1A;&#xE1A;&#xE15;&#xE49;&#xE19;&#xE17;&#xE32;&#xE07; --
&#xE1A;&#xE17;&#xE17;&#xE35;&#xE48; 6 &#xE1E;&#xE37;&#xE49;&#xE19;&#xE17;&#xE35;&#xE48;&#xE08;&#xE31;&#xE14;&#xE40;&#xE01;&#xE47;&#xE1A;&#xE02;&#xE49;&#xE2D;&#xE21;&#xE39;&#xE25; --
&#xE1A;&#xE17;&#xE17;&#xE35;&#xE48; 7 &#xE01;&#xE32;&#xE23;&#xE19;&#xE33;&#xE40;&#xE02;&#xE49;&#xE32;&#xE02;&#xE49;&#xE2D;&#xE21;&#xE39;&#xE25; --
&#xE1A;&#xE17;&#xE17;&#xE35;&#xE48; 8 &#xE04;&#xE34;&#xE27;&#xE23;&#xE35;, &#xE42;&#xE21;&#xE40;&#xE14;&#xE25; &#xE41;&#xE25;&#xE30;&#xE01;&#xE32;&#xE23;&#xE40;&#xE1B;&#xE25;&#xE35;&#xE48;&#xE22;&#xE19;&#xE23;&#xE39;&#xE1B;&#xE02;&#xE49;&#xE2D;&#xE21;&#xE39;&#xE25; --
&#xE1A;&#xE17;&#xE17;&#xE35;&#xE48; 9 &#xE01;&#xE32;&#xE23;&#xE43;&#xE2B;&#xE49;&#xE1A;&#xE23;&#xE34;&#xE01;&#xE32;&#xE23;&#xE02;&#xE49;&#xE2D;&#xE21;&#xE39;&#xE25;&#xE2A;&#xE33;&#xE2B;&#xE23;&#xE31;&#xE1A;&#xE01;&#xE32;&#xE23;&#xE27;&#xE34;&#xE40;&#xE04;&#xE23;&#xE32;&#xE30;&#xE2B;&#xE4C;, &#xE41;&#xE21;&#xE0A;&#xE0A;&#xE35;&#xE19;&#xE40;&#xE25;&#xE34;&#xE23;&#xE4C;&#xE19;&#xE19;&#xE34;&#xE48;&#xE07; &#xE41;&#xE25;&#xE30; ETL &#xE41;&#xE1A;&#xE1A;&#xE22;&#xE49;&#xE2D;&#xE19;&#xE01;&#xE25;&#xE31;&#xE1A; --
&#xE2A;&#xE48;&#xE27;&#xE19;&#xE17;&#xE35;&#xE48; 3 &#xE01;&#xE32;&#xE23;&#xE23;&#xE31;&#xE01;&#xE29;&#xE32;&#xE04;&#xE27;&#xE32;&#xE21;&#xE1B;&#xE25;&#xE2D;&#xE14;&#xE20;&#xE31;&#xE22;, &#xE04;&#xE27;&#xE32;&#xE21;&#xE40;&#xE1B;&#xE47;&#xE19;&#xE2A;&#xE48;&#xE27;&#xE19;&#xE15;&#xE31;&#xE27; &#xE41;&#xE25;&#xE30;&#xE2D;&#xE19;&#xE32;&#xE04;&#xE15;&#xE02;&#xE2D;&#xE07;&#xE27;&#xE34;&#xE28;&#xE27;&#xE01;&#xE23;&#xE23;&#xE21;&#xE02;&#xE49;&#xE2D;&#xE21;&#xE39;&#xE25; --
&#xE1A;&#xE17;&#xE17;&#xE35;&#xE48; 10 &#xE01;&#xE32;&#xE23;&#xE23;&#xE31;&#xE01;&#xE29;&#xE32;&#xE04;&#xE27;&#xE32;&#xE21;&#xE1B;&#xE25;&#xE2D;&#xE14;&#xE20;&#xE31;&#xE22; &#xE41;&#xE25;&#xE30;&#xE04;&#xE27;&#xE32;&#xE21;&#xE40;&#xE1B;&#xE47;&#xE19;&#xE2A;&#xE48;&#xE27;&#xE19;&#xE15;&#xE31;&#xE27; --
&#xE1A;&#xE17;&#xE17;&#xE35;&#xE48; 11 &#xE2D;&#xE19;&#xE32;&#xE04;&#xE15;&#xE02;&#xE2D;&#xE07;&#xE27;&#xE34;&#xE28;&#xE27;&#xE01;&#xE23;&#xE23;&#xE21;&#xE02;&#xE49;&#xE2D;&#xE21;&#xE39;&#xE25;. </subfield>
  </datafield>
  <datafield tag="650" ind1=" " ind2="0">
    <subfield code="a">&#xE01;&#xE32;&#xE23;&#xE08;&#xE31;&#xE14;&#xE01;&#xE32;&#xE23;&#xE10;&#xE32;&#xE19;&#xE02;&#xE49;&#xE2D;&#xE21;&#xE39;&#xE25;</subfield>
    <subfield code="9">30638</subfield>
  </datafield>
  <datafield tag="650" ind1=" " ind2="4">
    <subfield code="a">&#xE01;&#xE32;&#xE23;&#xE2D;&#xE2D;&#xE01;&#xE41;&#xE1A;&#xE1A;&#xE10;&#xE32;&#xE19;&#xE02;&#xE49;&#xE2D;&#xE21;&#xE39;&#xE25;</subfield>
    <subfield code="9">49083</subfield>
  </datafield>
  <datafield tag="650" ind1=" " ind2="4">
    <subfield code="a">&#xE2A;&#xE16;&#xE32;&#xE1B;&#xE31;&#xE15;&#xE22;&#xE01;&#xE23;&#xE23;&#xE21;&#xE04;&#xE2D;&#xE21;&#xE1E;&#xE34;&#xE27;&#xE40;&#xE15;&#xE2D;&#xE23;&#xE4C;</subfield>
    <subfield code="9">66300</subfield>
  </datafield>
  <datafield tag="650" ind1=" " ind2="4">
    <subfield code="a">&#xE01;&#xE32;&#xE23;&#xE40;&#xE02;&#xE35;&#xE22;&#xE19;&#xE41;&#xE1A;&#xE1A;&#xE2A;&#xE16;&#xE32;&#xE1B;&#xE31;&#xE15;&#xE22;&#xE01;&#xE23;&#xE23;&#xE21;</subfield>
    <subfield code="x">&#xE42;&#xE1B;&#xE23;&#xE41;&#xE01;&#xE23;&#xE21;&#xE04;&#xE2D;&#xE21;&#xE1E;&#xE34;&#xE27;&#xE40;&#xE15;&#xE2D;&#xE23;&#xE4C;</subfield>
    <subfield code="9">66301</subfield>
  </datafield>
  <datafield tag="653" ind1=" " ind2="4">
    <subfield code="a">&#xE27;&#xE34;&#xE28;&#xE27;&#xE01;&#xE23;&#xE23;&#xE21;&#xE02;&#xE49;&#xE2D;&#xE21;&#xE39;&#xE25;</subfield>
  </datafield>
  <datafield tag="700" ind1="1" ind2=" ">
    <subfield code="a">&#xE40;&#xE2E;&#xE32;&#xE2A;&#xE4C;&#xE25;&#xE35;&#xE22;&#xE4C;, &#xE41;&#xE21;&#xE17;&#xE18;&#xE34;&#xE27;&#xE2A;&#xE4C; &#xE41;&#xE2D;&#xE25;.</subfield>
    <subfield code="9">66299</subfield>
  </datafield>
  <datafield tag="700" ind1="0" ind2=" ">
    <subfield code="a">&#xE27;&#xE23;&#xE32;&#xE20;&#xE23;&#xE13;&#xE4C; &#xE1E;&#xE23;&#xE2B;&#xE21;&#xE27;&#xE34;&#xE2D;&#xE34;&#xE19;&#xE17;&#xE23;&#xE4C;.</subfield>
    <subfield code="9">43844</subfield>
  </datafield>
  <datafield tag="942" ind1=" " ind2=" ">
    <subfield code="c">GB</subfield>
    <subfield code="2">lcc</subfield>
  </datafield>
  <datafield tag="996" ind1=" " ind2=" ">
    <subfield code="a">jidapa.t</subfield>
    <subfield code="b">ACQSTF</subfield>
    <subfield code="c">2025-06-12</subfield>
  </datafield>
  <datafield tag="996" ind1=" " ind2=" ">
    <subfield code="a">varee.k</subfield>
    <subfield code="b">LIBSTF</subfield>
    <subfield code="c">2025-06-26</subfield>
  </datafield>
  <datafield tag="996" ind1=" " ind2=" ">
    <subfield code="a">jamriang.p</subfield>
    <subfield code="b">CATSTF	</subfield>
    <subfield code="c">2025-07-17</subfield>
  </datafield>
  <datafield tag="999" ind1=" " ind2=" ">
    <subfield code="c">106829</subfield>
    <subfield code="d">106829</subfield>
  </datafield>
  <datafield tag="998" ind1=" " ind2=" ">
    <subfield code="j">111</subfield>
    <subfield code="k"> &#xE19;&#xE32;&#xE07;&#xE2A;&#xE32;&#xE27;&#xE1E;&#xE08;&#xE1E;&#xE34;&#xE13;  &#xE1E;&#xE23;&#xE21;&#xE40;&#xE2D;&#xE35;&#xE48;&#xE22;&#xE21;</subfield>
  </datafield>
  <datafield tag="952" ind1=" " ind2=" ">
    <subfield code="0">0</subfield>
    <subfield code="1">0</subfield>
    <subfield code="2">lcc</subfield>
    <subfield code="4">0</subfield>
    <subfield code="7">0</subfield>
    <subfield code="8">CGBL</subfield>
    <subfield code="a">NALT</subfield>
    <subfield code="b">NALT</subfield>
    <subfield code="c">GEN</subfield>
    <subfield code="d">2025-06-05</subfield>
    <subfield code="e">192</subfield>
    <subfield code="l">2</subfield>
    <subfield code="m">1</subfield>
    <subfield code="o">QA 76.9.D3 &#xE23;499&#xE2B; 2567</subfield>
    <subfield code="p">3961215367</subfield>
    <subfield code="r">2026-01-08 00:00:00</subfield>
    <subfield code="s">2026-01-05</subfield>
    <subfield code="w">2025-06-05</subfield>
    <subfield code="y">GB</subfield>
  </datafield>
</record>
